[Event "Spring Scrapper"]
[Site "SchemingMind.com"]
[Date "2015.05.06"]
[Round "-"]
[White "jerryface"]
[Black "Simon Green"]
[Result "1/2-1/2"]
[WhiteCountry "USA"]
[BlackCountry "ENG"]
[WhiteElo "1512"]
[WhiteRD "72"]
[BlackElo "1559"]
[BlackRD "51"]
[GameID "379516"]

1. e4 e6 2. Nf3 d5 3. e5 c5 4. c3 Nc6 5. Bb5 Bd7 6. O-O f5 7. d3 Qb6 8. a4 a6 9. Bxc6 Bxc6 10. a5 Qc7
11. Ng5 Bd7 12. Re1 Be7 13. Qh5+ g6 14. Qf3 Bxg5 15. Bxg5 Ne7 16. Bxe7 Kxe7 17. Qf4 Raf8 18. Nd2 h6 19. Nf3 g5 20. Qd2 f4
21. b4 c4 22. dxc4 Qxc4 23. Rec1 Bb5 24. Nd4 Rc8 25. Ra3 Rhf8 26. f3 h5 27. Nxb5 Qxb5 28. Qd4 Rc4 29. Qd3 Rf5 30. Ra2 d4
31. Rd1 Rxe5 32. cxd4 Qxb4 33. dxe5 Qc5+ 34. Kh1 Rc1 35. h3 Rxd1+ 36. Qxd1 Qxe5 37. Qb3 Qe1+ 38. Kh2 Qg3+ 39. Kg1 Qe1+=
1/2-1/2

[Event "Spring Scrapper"]
[Site "SchemingMind.com"]
[Date "2015.05.10"]
[Round "-"]
[White "fouche"]
[Black "David Hartley"]
[Result "0-1"]
[WhiteCountry "COL"]
[BlackCountry "ENG"]
[WhiteElo "1596"]
[WhiteRD "62"]
[BlackElo "1793"]
[BlackRD "61"]
[GameID "379534"]

1. d4 d5 2. c4 e6 3. Nc3 c6 4. Nf3 Nf6 5. e3 Nbd7 6. Bd3 Be7 7. cxd5 exd5 8. O-O O-O 9. Re1 Nb6 10. e4 dxe4
11. Nxe4 Bg4 12. Be3 Nbd5 13. a3 Re8 14. h3 Nxe3 15. fxe3 Nxe4 16. Bxe4 Be6 17. Qc2 g6 18. Bd3 Bf6 19. Rad1 Qc7 20. e4 Qb6
21. Kh1 Bb3 22. Qc3 Bxd1 23. Rxd1 Rad8 24. e5 Bg7 25. Bc4 Re7 26. Ng5 Rf8 27. h4 Kh8 28. Nxf7+ Rexf7 29. Bxf7 Rxf7 30. b4 Qd8
31. b5 Bxe5 32. bxc6 bxc6 33. Qa1 Qxh4+
0-1

[Event "Spring Scrapper"]
[Site "SchemingMind.com"]
[Date "2015.05.10"]
[Round "-"]
[White "David Hartley"]
[Black "fouche"]
[Result "1-0"]
[WhiteCountry "ENG"]
[BlackCountry "COL"]
[WhiteElo "1795"]
[WhiteRD "61"]
[BlackElo "1542"]
[BlackRD "62"]
[GameID "379535"]

1. e4 c6 2. d4 d5 3. Nc3 dxe4 4. Nxe4 Nf6 5. Nxf6+ gxf6 6. Nf3 Bg7 7. Be3 Bg4 8. Be2 Nd7 9. O-O O-O 10. Qd2 Qc7
11. Rae1 Rad8 12. Bh6 Bxf3 13. Bxf3 c5 14. Bxg7 Kxg7 15. Rxe7 cxd4 16. Re4 Ne5 17. Rh4 Nxf3+ 18. gxf3 Rh8 19. Qh6+
1-0

[Event "Spring Scrapper"]
[Site "SchemingMind.com"]
[Date "2015.05.11"]
[Round "-"]
[White "David Hartley"]
[Black "emvarela"]
[Result "1-0"]
[WhiteCountry "ENG"]
[BlackCountry "ARG"]
[WhiteElo "1773"]
[WhiteRD "62"]
[BlackElo "1735"]
[BlackRD "50"]
[GameID "379536"]

1. d4 d5 2. c4 dxc4 3. Nc3 Nc6 4. Nf3 Nf6 5. e4 Bg4 6. d5 Ne5 7. Be2 Bxf3 8. Bxf3 Nd3+ 9. Ke2 e5 10. Qa4+ Qd7
11. Qxc4 Nxc1+ 12. Raxc1 a6 13. Rhd1 Bd6 14. Kf1 b5 15. Qd3 O-O 16. Ne2 Rac8 17. Ng3 Ne8 18. Rc2 c5 19. b3 Nc7 20. h3 b4
21. Bg4 Qb5 22. Bxc8 Qxd3+ 23. Rxd3 Rxc8 24. Rd1 g6 25. Ke2 Nb5 26. Ke1 Nc3 27. Rdc1 c4 28. f3 cxb3 29. axb3 Rc7 30. Ne2 f5
31. Kf1 fxe4 32. Nxc3 bxc3 33. Rxc3 Rxc3 34. Rxc3 exf3 35. gxf3 a5 36. Ke2 Kf7 37. Rc6 Ke7 38. Kd3 h5 39. Ra6
1-0

[Event "Spring Scrapper"]
[Site "SchemingMind.com"]
[Date "2015.05.11"]
[Round "-"]
[White "emvarela"]
[Black "David Hartley"]
[Result "1/2-1/2"]
[WhiteCountry "ARG"]
[BlackCountry "ENG"]
[WhiteElo "1740"]
[WhiteRD "48"]
[BlackElo "1793"]
[BlackRD "61"]
[GameID "379537"]

1. e4 e5 2. Nf3 d6 3. d4 exd4 4. Nxd4 Nf6 5. Nc3 Be7 6. Bc4 Bd7 7. O-O Nc6 8. Nxc6 Bxc6 9. Qf3 Qd7 10. Re1 O-O
11. Bd5 Bxd5 12. Nxd5 Nxd5 13. exd5 Bf6 14. c3 Rfe8 15. Rxe8+ Rxe8 16. Bd2 Qe7 17. g3 Qd7=
1/2-1/2

[Event "Spring Scrapper"]
[Site "SchemingMind.com"]
[Date "2015.05.10"]
[Round "-"]
[White "David Hartley"]
[Black "Scooter"]
[Result "1-0"]
[WhiteCountry "ENG"]
[BlackCountry "USA"]
[WhiteElo "1773"]
[WhiteRD "62"]
[BlackElo "1713"]
[BlackRD "49"]
[GameID "379538"]

1. e4 c6 2. d4 d5 3. Nc3 dxe4 4. Nxe4 Bf5 5. Ng3 Bg6 6. Nf3 Nd7 7. Bd3 Bxd3 8. Qxd3 Qc7 9. O-O O-O-O 10. Be3 Ngf6
11. c3 e6 12. Ng5 Ne5 13. Qe2 Ng6 14. N5e4 Nxe4 15. Nxe4 h6 16. a4 Bd6 17. Nxd6+ Qxd6 18. Rfd1 Ne7 19. b4 Nf5 20. Bc1 f6
21. Bb2 Qd5 22. Re1 Nh4 23. Qxe6+ Qxe6 24. Rxe6 Rhe8 25. Rae1 Kd7 26. Rxe8 Rxe8 27. Rxe8 Kxe8 28. f4 Nf5 29. Kf2 Nd6 30. Bc1 Ne4+
31. Kf3 Nxc3 32. a5 f5 33. g3 Nd5 34. Bd2 Kd7 35. Be1 b6 36. Ke2 Kd6 37. Kd3 b5 38. Bd2= Nf6 39. h3 Kd5 40. Be3 Ne4
41. g4 fxg4 42. hxg4 Nf6 43. g5 Ng4 44. gxh6 gxh6 45. f5 h5 46. Bg5 Nf2+ 47. Ke3 Ne4 48. Be7 Nd6 49. Bxd6 Kxd6 50. Kf4 Ke7
51. Kg5 Kf7 52. Kxh5 Kf6 53. Kg4 a6 54. Kf4 Ke7 55. Ke5
1-0

[Event "Spring Scrapper"]
[Site "SchemingMind.com"]
[Date "2015.05.10"]
[Round "-"]
[White "Scooter"]
[Black "David Hartley"]
[Result "1-0"]
[WhiteCountry "USA"]
[BlackCountry "ENG"]
[WhiteElo "1712"]
[WhiteRD "45"]
[BlackElo "1793"]
[BlackRD "61"]
[GameID "379539"]

1. d4 d5 2. Nf3 Nf6 3. Bf4 e6 4. e3 c5 5. c3 Nc6 6. Bb5 Bd7 7. O-O Be7 8. Nbd2 O-O 9. Bxc6 Bxc6 10. h3 b6
11. Ne5 Bb7 12. Re1 Rc8 13. b3 cxd4 14. cxd4 Nd7 15. Rc1 Nxe5 16. Bxe5 f6 17. Bg3 Qd7 18. Rxc8 Rxc8 19. Qb1 Qc6 20. Qb2 Qc2
21. Rb1 Ba3 22. Qxa3 Qxd2 23. Qxa7 Bc6 24. Qa6 Qc2 25. Qxc8+
1-0

[Event "Spring Scrapper"]
[Site "SchemingMind.com"]
[Date "2015.05.11"]
[Round "-"]
[White "David Hartley"]
[Black "kenneth m day"]
[Result "1-0"]
[WhiteCountry "ENG"]
[BlackCountry "USA"]
[WhiteElo "1793"]
[WhiteRD "61"]
[BlackElo "1692"]
[BlackRD "52"]
[GameID "379540"]

1. e4 e5 2. Nf3 Nc6 3. Bc4 Nf6 4. Ng5 d5 5. exd5 Na5 6. Bb5+ c6 7. dxc6 bxc6 8. Qf3 Bd7 9. Ba4 Be7 10. O-O Qc7
11. d3 O-O 12. Nc3 h6 13. Nge4 Nb7 14. Nxf6+ Bxf6 15. Re1 Nc5 16. Be3 Nxa4 17. Nxa4 a5 18. Rab1 Rfe8 19. Nc3 Qc8 20. Ne4 Bd8
21. Nd6 Bg4 22. Qxf7+ Kh7 23. Nxc8
1-0

[Event "Spring Scrapper"]
[Site "SchemingMind.com"]
[Date "2015.05.10"]
[Round "-"]
[White "David Hartley"]
[Black "Simon Green"]
[Result "1-0"]
[WhiteCountry "ENG"]
[BlackCountry "ENG"]
[WhiteElo "1795"]
[WhiteRD "61"]
[BlackElo "1571"]
[BlackRD "55"]
[GameID "379542"]

1. e4 e6 2. d4 d5 3. Nc3 Nf6 4. e5 Nfd7 5. Nce2 c5 6. c3 c4 7. f4 f5 8. Nf3 Be7 9. Be3 O-O 10. Bf2 Nc6
11. Ng3 g6 12. Be2 b5 13. O-O a5 14. b3 Nb6 15. Be1 Bd7 16. Bd2 Bh4 17. Nxh4 Qxh4 18. Be1 Qe7 19. Qc1 Kg7 20. Rf3 Nd8
21. Nf1 Nf7 22. Rh3 h6 23. Bh4 Qe8 24. Qe3 Nc8 25. Qg3 Nh8 26. Bf6+ Kg8 27. Rxh6
1-0

[Event "Spring Scrapper"]
[Site "SchemingMind.com"]
[Date "2015.05.10"]
[Round "-"]
[White "Simon Green"]
[Black "David Hartley"]
[Result "0-1"]
[WhiteCountry "ENG"]
[BlackCountry "ENG"]
[WhiteElo "1571"]
[WhiteRD "55"]
[BlackElo "1795"]
[BlackRD "61"]
[GameID "379543"]

1. d4 d5 2. e3 Nf6 3. Bd3 Bg4 4. f3 Bh5 5. Nd2 e6 6. Ne2 Bg6 7. Bxg6 hxg6 8. b3 Nc6 9. O-O Qd7 10. f4 O-O-O
11. Nf3 Be7 12. Ng3 Nh5 13. Nxh5 Rxh5 14. Ne5 Nxe5 15. fxe5 f6 16. exf6 gxf6 17. Qg4 Rg8 18. e4 dxe4 19. Qxe4 f5 20. Qd3 Rgh8
21. h3 g5 22. Bb2 g4 23. d5 Bc5+ 24. Kh1 R8h7 25. Be5 exd5 26. Kh2 Qe6 27. Rae1 gxh3 28. gxh3 Bd6 29. Qd4 Rxh3+ 30. Kg2 Qg6+
31. Kf2 Bxe5 32. Qxe5 Rh2+ 33. Ke3 R7h3+ 34. Kd4 Qb6+ 35. Kxd5 Qc6+ 36. Kd4 Rd2#
0-1

[Event "Spring Scrapper"]
[Site "SchemingMind.com"]
[Date "2015.05.10"]
[Round "-"]
[White "David Hartley"]
[Black "jerryface"]
[Result "1-0"]
[WhiteCountry "ENG"]
[BlackCountry "USA"]
[WhiteElo "1793"]
[WhiteRD "61"]
[BlackElo "1512"]
[BlackRD "72"]
[GameID "379544"]

1. e4 e5 2. Nf3 Nc6 3. Bc4 Nf6 4. O-O Bc5 5. d3 O-O 6. Nc3 Nd4 7. Nxe5 Ne6 8. Nf3 c6 9. Bd2 d5 10. exd5 cxd5
11. Bb3 b6 12. Re1 Ng4 13. Re2 Bb7 14. h3 Nxf2 15. Rxf2 Bxf2+ 16. Kxf2 d4 17. Ne4 Bxe4 18. dxe4 Nc5 19. Bd5 Rc8 20. Nxd4 Qh4+
21. Kg1
1-0

[Event "Spring Scrapper"]
[Site "SchemingMind.com"]
[Date "2015.05.10"]
[Round "-"]
[White "jerryface"]
[Black "David Hartley"]
[Result "0-1"]
[WhiteCountry "USA"]
[BlackCountry "ENG"]
[WhiteElo "1512"]
[WhiteRD "72"]
[BlackElo "1793"]
[BlackRD "61"]
[GameID "379545"]

1. e4 e5 2. Nf3 Nc6 3. Nc3 Nf6 4. Bc4 Nxe4 5. Bxf7+ Kxf7 6. Nxe4 Be7 7. d3 Rf8 8. Nfg5+ Kg8 9. Qh5 Bxg5 10. Nxg5 h6
11. Ne4 d6 12. Qg6 Bf5 13. Qg3 Kh7 14. Qf3 Bg6 15. Qe3 Qh4 16. O-O Nd4 17. c3 Nc2 18. Qe2 Nxa1 19. Be3 Bxe4 20. dxe4 Qxe4
21. Rxa1 Rf7
0-1

[Event "Spring Scrapper"]
[Site "SchemingMind.com"]
[Date "2015.05.10"]
[Round "-"]
[White "fouche"]
[Black "Helga1946"]
[Result "0-1"]
[WhiteCountry "COL"]
[BlackCountry "GER"]
[WhiteElo "1542"]
[WhiteRD "62"]
[BlackElo "2239"]
[BlackRD "77"]
[GameID "379644"]

1. e4 c5 2. Nf3 d6 3. d4 cxd4 4. Nxd4 Nc6 5. Nc3 Nf6 6. Be2 e5 7. Nf3 h6 8. O-O Be6 9. Be3 Be7 10. a3 O-O
11. Qd2 Rc8 12. Rad1 a6 13. Qc1 Qc7 14. Bxh6 gxh6 15. Qxh6 Nh7 16. Nd5 Qd8 17. c4 Bg5 18. Nxg5 Qxg5 19. Qxg5+ Nxg5 20. Nf6+ Kg7
21. Nh5+ Kh8 22. Rxd6 Nxe4 23. Rdd1 Rfd8 24. Rxd8+ Rxd8 25. Rc1 Rd2 26. Bf3 Nd4 27. Re1 Nxf3+ 28. gxf3 Nxf2 29. Rxe5 Nd3 30. Rg5 Bh3
0-1

[Event "Spring Scrapper"]
[Site "SchemingMind.com"]
[Date "2015.05.09"]
[Round "-"]
[White "Helga1946"]
[Black "fouche"]
[Result "1-0"]
[WhiteCountry "GER"]
[BlackCountry "COL"]
[WhiteElo "2239"]
[WhiteRD "77"]
[BlackElo "1542"]
[BlackRD "62"]
[GameID "379645"]

1. e4 c5 2. Nf3 Nc6 3. c3 d6 4. d4 cxd4 5. cxd4 Nf6 6. Nc3 Bg4 7. d5 Ne5 8. Nxe5 Bxd1 9. Bb5+ Nd7 10. Bxd7+ Qxd7
11. Nxd7 Kxd7 12. Kxd1 g6 13. Be3 a6 14. Bd4 f6 15. Na4 b5 16. Nb6+
1-0

[Event "Spring Scrapper"]
[Site "SchemingMind.com"]
[Date "2015.05.11"]
[Round "-"]
[White "David Hartley"]
[Black "Helga1946"]
[Result "0-1"]
[WhiteCountry "ENG"]
[BlackCountry "GER"]
[WhiteElo "1795"]
[WhiteRD "61"]
[BlackElo "2239"]
[BlackRD "77"]
[GameID "379646"]

1. e4 c5 2. Nc3 d6 3. d3 Nf6 4. f4 g6 5. Be2 Nc6 6. Nf3 Bg7 7. Bd2 O-O 8. O-O Bd7 9. e5 Ne8 10. exd6 Nxd6
11. Rb1 Rc8 12. Qe1 Be6 13. a3 Nd4 14. Nxd4 cxd4 15. Na4 b5
0-1

[Event "Spring Scrapper"]
[Site "SchemingMind.com"]
[Date "2015.05.10"]
[Round "-"]
[White "Helga1946"]
[Black "David Hartley"]
[Result "1-0"]
[WhiteCountry "GER"]
[BlackCountry "ENG"]
[WhiteElo "2239"]
[WhiteRD "77"]
[BlackElo "1795"]
[BlackRD "61"]
[GameID "379647"]

1. e4 e5 2. Nf3 Nc6 3. Bb5 a6 4. Ba4 Nf6 5. O-O Be7 6. Bxc6 dxc6 7. Nc3 Bg4 8. h3 Bh5 9. g4 Bg6 10. Nxe5 Nxe4
11. Re1 Nxc3 12. bxc3 O-O 13. Rb1 Rb8 14. Nxc6 bxc6 15. Rxb8 Qxb8 16. Rxe7 Qb1 17. d3 Rc8 18. c4 Qxa2 19. Qe2 Kf8 20. Kg2 f6
21. Qe6 Re8 22. Rxe8+ Bxe8 23. g5 fxg5 24. Qf5+ Bf7 25. Be3 h6 26. Qc8+
1-0

[Event "Spring Scrapper"]
[Site "SchemingMind.com"]
[Date "2015.05.13"]
[Round "-"]
[White "emvarela"]
[Black "Helga1946"]
[Result "0-1"]
[WhiteCountry "ARG"]
[BlackCountry "GER"]
[WhiteElo "1740"]
[WhiteRD "48"]
[BlackElo "2274"]
[BlackRD "76"]
[GameID "379648"]

1. e4 e5 2. Nf3 Nc6 3. Bb5 a6 4. Bxc6 dxc6 5. O-O Be6 6. Nxe5 Qd4 7. Nf3 Qxe4 8. Re1 Qg6 9. d3 O-O-O 10. Bf4 Nf6
11. Nh4 Qh5 12. Qxh5 Nxh5 13. Be3 b6 14. Nd2 g6 15. a3 Bg7 16. Rab1 Ba2 17. Ra1 Bd5 18. Re2 Bxb2 19. Rb1 Bxa3 20. g3 a5
21. c4 Be6 22. d4 Rhe8 23. Nhf3 f6 24. c5 b5 25. Bh6 g5 26. h4 g4 27. Nh2 a4 28. Be3 Bf5 29. Rd1 Rxd4
0-1

[Event "Spring Scrapper"]
[Site "SchemingMind.com"]
[Date "2015.05.12"]
[Round "-"]
[White "Helga1946"]
[Black "emvarela"]
[Result "1-0"]
[WhiteCountry "GER"]
[BlackCountry "ARG"]
[WhiteElo "2274"]
[WhiteRD "76"]
[BlackElo "1740"]
[BlackRD "48"]
[GameID "379649"]

1. e4 e5 2. Nf3 Nc6 3. Bb5 a6 4. Bxc6 dxc6 5. O-O Bd6 6. d4 Bg4 7. dxe5 Bxe5 8. Qxd8+ Rxd8 9. Nxe5 Be6 10. Bf4 f6
11. Nd3 Bc4 12. Bxc7 Rd7 13. Bb6 Bxd3 14. cxd3 Rxd3 15. Nc3 Ne7 16. Rfd1 Rxd1+ 17. Rxd1 O-O 18. Rd7
1-0

[Event "Spring Scrapper"]
[Site "SchemingMind.com"]
[Date "2015.05.09"]
[Round "-"]
[White "Helga1946"]
[Black "Scooter"]
[Result "1-0"]
[WhiteCountry "GER"]
[BlackCountry "USA"]
[WhiteElo "2225"]
[WhiteRD "77"]
[BlackElo "1716"]
[BlackRD "45"]
[GameID "379651"]

1. e4 c6 2. Nc3 d5 3. d4 dxe4 4. Nxe4 Bf5 5. Bd3 Nd7 6. Nc3 Bxd3 7. Qxd3 Qc7 8. Nge2 O-O-O 9. Bf4 e5 10. dxe5 Nxe5
11. Qf5+ Qd7 12. Qxe5
1-0

[Event "Spring Scrapper"]
[Site "SchemingMind.com"]
[Date "2015.05.10"]
[Round "-"]
[White "kenneth m day"]
[Black "Helga1946"]
[Result "0-1"]
[WhiteCountry "USA"]
[BlackCountry "GER"]
[WhiteElo "1692"]
[WhiteRD "52"]
[BlackElo "2274"]
[BlackRD "76"]
[GameID "379652"]

1. e4 c5 2. d4 cxd4 3. c3 dxc3 4. Nxc3 Nc6 5. Nf3 h6 6. Bc4 a6 7. Qe2 e6 8. O-O b5 9. Bb3 Bb7 10. Bf4 Rc8
11. Rfd1 Bc5 12. Rac1 Nce7 13. Be5 Nf6 14. Bxf6 gxf6 15. Nh4 Qc7 16. Qg4 Rg8 17. Qe2 Qf4 18. Nf3 b4 19. Na4 Bxf2+ 20. Qxf2 Rxc1
21. Rxc1 Qxc1+ 22. Qf1 Qe3+ 23. Qf2 Qxe4 24. Nc5 Qxf3
0-1

[Event "Spring Scrapper"]
[Site "SchemingMind.com"]
[Date "2015.05.09"]
[Round "-"]
[White "Helga1946"]
[Black "kenneth m day"]
[Result "1-0"]
[WhiteCountry "GER"]
[BlackCountry "USA"]
[WhiteElo "2274"]
[WhiteRD "76"]
[BlackElo "1692"]
[BlackRD "52"]
[GameID "379653"]

1. e4 e5 2. Nf3 Nc6 3. Bb5 f5 4. d3 fxe4 5. dxe4 Nf6 6. O-O Bc5 7. Qd3 d6 8. Qc4 Qe7 9. b4 Be6 10. Bxc6+ bxc6
11. Qa6 Bb6 12. a4 O-O 13. a5 Bd4 14. c3 Bxf2+ 15. Rxf2 Nxe4 16. Re2 Nf6 17. Bg5 Qd7 18. Bxf6 Rxf6 19. Nbd2 Rff8 20. Rf2 Bg4
21. Raf1 Be6 22. Ng5 Bd5 23. c4 Qg4 24. Rxf8+ Rxf8 25. Rxf8+ Kxf8 26. cxd5 Qd4+ 27. Kf1 Qf4+ 28. Ndf3 Qc1+ 29. Kf2 h6 30. Qc8+
1-0

[Event "Spring Scrapper"]
[Site "SchemingMind.com"]
[Date "2015.05.10"]
[Round "-"]
[White "Simon Green"]
[Black "Helga1946"]
[Result "0-1"]
[WhiteCountry "ENG"]
[BlackCountry "GER"]
[WhiteElo "1571"]
[WhiteRD "55"]
[BlackElo "2239"]
[BlackRD "77"]
[GameID "379654"]

1. d4 Nf6 2. e3 e6 3. Bd3 d5 4. f4 c5 5. c3 Be7 6. Nf3 O-O 7. O-O b6 8. Nbd2 a5 9. Ne5 Ba6 10. Bxa6 Rxa6
11. Qe2 Ra7 12. Qb5 a4 13. Qe2 Qc7 14. a3 Rc8 15. Ndf3 Ne4 16. Nd3 Nc6 17. g3 Na5 18. Nd2 Nd6 19. b4 axb3 20. Bb2 Qb7
21. Ne5 f6 22. Nef3 Qa6 23. Qxa6 Rxa6 24. Rfb1 Rca8 25. a4 c4 26. Ba3 Nab7 27. Bb2 Rxa4 28. Rxa4 Rxa4 29. Ra1 Rxa1+ 30. Bxa1 Nb5
31. Bb2 Ba3 32. Bxa3 Nxa3 33. Ne1 b2
0-1

[Event "Spring Scrapper"]
[Site "SchemingMind.com"]
[Date "2015.05.09"]
[Round "-"]
[White "Helga1946"]
[Black "Simon Green"]
[Result "1-0"]
[WhiteCountry "GER"]
[BlackCountry "ENG"]
[WhiteElo "2239"]
[WhiteRD "77"]
[BlackElo "1571"]
[BlackRD "55"]
[GameID "379655"]

1. e4 e6 2. d4 d5 3. Nc3 Nf6 4. Bg5 Be7 5. e5 Nfd7 6. Bxe7 Qxe7 7. Nb5 Nb6 8. a4 a6 9. a5 axb5 10. axb6 Rxa1
11. Qxa1 cxb6 12. Bxb5+ Nc6 13. c3 O-O 14. Nf3 Na5 15. b4 Nc4 16. Bxc4 dxc4 17. Qa7 Qc7 18. b5 Bd7 19. Qa4 Rd8 20. O-O h6
21. Nd2 Rc8 22. Ne4 f5 23. exf6 Qf4 24. Re1 gxf6 25. g3 Qf3 26. Re3 Qh5 27. Nxf6+
1-0

[Event "Spring Scrapper"]
[Site "SchemingMind.com"]
[Date "2015.05.09"]
[Round "-"]
[White "jerryface"]
[Black "Helga1946"]
[Result "0-1"]
[WhiteCountry "USA"]
[BlackCountry "GER"]
[WhiteElo "1644"]
[WhiteRD "84"]
[BlackElo "2239"]
[BlackRD "77"]
[GameID "379656"]

1. e4 c5 2. Nf3 Nc6 3. Bb5 e6 4. O-O Nge7 5. c4 a6 6. Ba4 Ng6 7. d4 cxd4 8. Bxc6 dxc6 9. Qxd4 Qxd4 10. Nxd4 e5
11. Nf5 Bxf5 12. exf5 Nh4 13. g4 h5 14. g5 O-O-O 15. Nd2 Rxd2 16. Bxd2 Nf3+ 17. Kh1 Nxd2 18. Rfd1 Nxc4 19. b3 Nd6 20. f6 gxf6
21. gxf6 Ne4 22. Rf1 Bc5
0-1

[Event "Spring Scrapper"]
[Site "SchemingMind.com"]
[Date "2015.05.09"]
[Round "-"]
[White "Helga1946"]
[Black "jerryface"]
[Result "1-0"]
[WhiteCountry "GER"]
[BlackCountry "USA"]
[WhiteElo "2274"]
[WhiteRD "76"]
[BlackElo "1512"]
[BlackRD "72"]
[GameID "379657"]

1. e4 e6 2. d4 d5 3. Nc3 Bb4 4. a3 Bxc3+ 5. bxc3 Ne7 6. Bd3 O-O 7. e5 Nd7 8. a4 f6 9. Nh3 fxe5 10. Ng5 e4
11. Nxe6 Qe8 12. Bf1 Nb6 13. Nxf8 Qxf8 14. a5 Nd7 15. Be2 c5 16. c4 Nf5 17. dxc5 Nxc5 18. cxd5 Qf6 19. Ra3 a6 20. Be3 Nxe3
21. Rxe3 Bf5 22. d6 Rd8 23. Qd5+ Ne6 24. O-O Rd7 25. Bc4 h5 26. f3 Qd4 27. Qxd4 Kf8 28. Qe5 Kf7 29. Qxf5+
1-0

[Event "Spring Scrapper"]
[Site "SchemingMind.com"]
[Date "2015.05.11"]
[Round "-"]
[White "fouche"]
[Black "Stephen Woodhouse"]
[Result "0-1"]
[WhiteCountry "COL"]
[BlackCountry "ENG"]
[WhiteElo "1542"]
[WhiteRD "62"]
[BlackElo "1834"]
[BlackRD "49"]
[GameID "379737"]

1. d4 e6 2. e4 d5 3. exd5 exd5 4. Nc3 Nf6 5. Bg5 Be7 6. Nf3 O-O 7. Be2 c6 8. O-O Bg4 9. h3 Bh5 10. Re1 Nbd7
11. Ne5 Bxe2 12. Rxe2 Re8 13. f4 h6 14. Bh4 Nxe5 15. fxe5 Ne4 16. Bxe7 Nxc3 17. Bxd8 Nxd1 18. Rxd1 Raxd8 19. Kf2 Re6 20. g4 Rde8
21. Kf3 f6 22. Kf4 fxe5+ 23. dxe5 g5+ 24. Kf5 Kf7 25. c4 dxc4 26. Rd7+ R8e7 27. Rd4 b5 28. a4 a6 29. axb5 cxb5 30. Rd5 Rb7
31. Rd6 Rxd6 32. exd6 Rd7 33. Ke5 Ke8 34. Kd5+ Kd8 35. Kc6 b4 36. Re6 c3 37. bxc3 bxc3 38. Re2 a5 39. Rc2 a4 40. Rxc3 Ra7
41. Rf3 Ra6+ 42. Kd5 a3 43. Ke6 Kc8 44. Rf1 a2 45. Ra1 Kd8 46. Ke5 Kd7 47. Kd4 Kxd6 48. Kc3 Ke5 49. Kb2 Kf4 50. Rg1 a1=Q+
0-1

[Event "Spring Scrapper"]
[Site "SchemingMind.com"]
[Date "2015.05.11"]
[Round "-"]
[White "Stephen Woodhouse"]
[Black "fouche"]
[Result "1-0"]
[WhiteCountry "ENG"]
[BlackCountry "COL"]
[WhiteElo "1879"]
[WhiteRD "50"]
[BlackElo "1545"]
[BlackRD "60"]
[GameID "379738"]

1. e4 c6 2. d4 d6 3. Nc3 Nf6 4. f4 g6 5. Nf3 Bg7 6. Bd3 Nbd7 7. O-O O-O 8. e5 dxe5 9. dxe5 Nd5 10. Nxd5 cxd5
11. Be3 b6 12. Qe2 Bb7 13. c4 Rc8 14. Rac1 Nc5 15. cxd5 Bxd5 16. Bc4 e6 17. Rfd1 Qd7 18. Bxd5 exd5 19. Bxc5 bxc5 20. Ng5 Rc6
21. Qf3 h6 22. Rxd5 Qf5 23. Ne4 Rfc8 24. Nd6 Rxd6 25. Rxd6 c4 26. g4
1-0

[Event "Spring Scrapper"]
[Site "SchemingMind.com"]
[Date "2015.05.11"]
[Round "-"]
[White "David Hartley"]
[Black "Stephen Woodhouse"]
[Result "1/2-1/2"]
[WhiteCountry "ENG"]
[BlackCountry "ENG"]
[WhiteElo "1795"]
[WhiteRD "61"]
[BlackElo "1834"]
[BlackRD "49"]
[GameID "379739"]

1. e4 e6 2. d4 d5 3. Nc3 Nf6 4. Bg5 dxe4 5. Nxe4 Be7 6. Bxf6 Bxf6 7. Nxf6+ Qxf6 8. Nf3 O-O 9. Bc4 Nd7 10. c3 e5
11. O-O exd4 12. Qxd4 Qxd4 13. Nxd4 Nb6 14. Bb3 Bd7 15. Rfe1 Rfe8 16. Nf3 Kf8 17. Bc2 h6 18. Bd3 Rxe1+ 19. Rxe1 Re8=
1/2-1/2

[Event "Spring Scrapper"]
[Site "SchemingMind.com"]
[Date "2015.05.11"]
[Round "-"]
[White "Stephen Woodhouse"]
[Black "David Hartley"]
[Result "1/2-1/2"]
[WhiteCountry "ENG"]
[BlackCountry "ENG"]
[WhiteElo "1834"]
[WhiteRD "49"]
[BlackElo "1795"]
[BlackRD "61"]
[GameID "379740"]

1. e4 e5 2. Nf3 Nf6 3. d4 Nxe4 4. Bd3 d5 5. Nxe5 Nd7 6. Nxd7 Bxd7 7. O-O Bd6 8. c4 c6 9. Nc3 O-O 10. cxd5 Nxc3
11. bxc3 cxd5 12. Qh5 g6 13. Qf3 Bc6 14. Bh6 Re8 15. Rae1 Bf8 16. Bxf8 Rxf8 17. Re5 f6 18. Re6 Kf7 19. Rfe1 Kg7 20. Re7+ Rf7
21. Qe3 Rxe7 22. Qxe7+ Qxe7 23. Rxe7+ Kg8 24. f4 Re8 25. Rxe8+=
1/2-1/2

[Event "Spring Scrapper"]
[Site "SchemingMind.com"]
[Date "2015.05.12"]
[Round "-"]
[White "emvarela"]
[Black "Stephen Woodhouse"]
[Result "1-0"]
[WhiteCountry "ARG"]
[BlackCountry "ENG"]
[WhiteElo "1740"]
[WhiteRD "48"]
[BlackElo "1872"]
[BlackRD "48"]
[GameID "379741"]

1. e4 e6 2. d4 d5 3. Nc3 Nf6 4. e5 Nfd7 5. f4 c5 6. dxc5 Bxc5 7. Qg4 g6 8. Bb5 Qb6 9. Bxd7+ Bxd7 10. b3 Bxg1
11. Qf3 Bd4 12. Bb2 Na6 13. O-O-O Bxc3 14. Bxc3 Rc8 15. Bd4 Qc7 16. c3 Nb4 17. Kb2 Nc6 18. Rc1 O-O 19. g4 Nxd4 20. cxd4 Qb6
21. Qe3 a5 22. h4 a4 23. Rxc8 Rxc8 24. h5 axb3 25. axb3 Ra8 26. Ra1 Rxa1 27. Kxa1 Bb5 28. Qc3 Bc6 29. h6 Qa6+ 30. Kb2 Qe2+
31. Ka3 Qxg4 32. Qa5 Kf8 33. Qd8+ Be8 34. Qd6+ Kg8 35. Qe7
1-0

[Event "Spring Scrapper"]
[Site "SchemingMind.com"]
[Date "2015.05.12"]
[Round "-"]
[White "Stephen Woodhouse"]
[Black "emvarela"]
[Result "1-0"]
[WhiteCountry "ENG"]
[BlackCountry "ARG"]
[WhiteElo "1872"]
[WhiteRD "48"]
[BlackElo "1740"]
[BlackRD "48"]
[GameID "379742"]

1. e4 e5 2. Nf3 Nc6 3. d4 exd4 4. Nxd4 Nxd4 5. Qxd4 c5 6. Qd1 Qc7 7. Nc3 Nf6 8. Bc4 d6 9. O-O a6 10. Nd5 Nxd5
11. Bxd5 Be6 12. Bf4 Bxd5 13. Qxd5 O-O-O 14. Rfd1 f6 15. c4 g5 16. Bg3 Be7 17. Rd3 Rd7 18. Rad1 Rhd8 19. Qf7 h6 20. Qe6 Kb8
21. f3 Ka7 22. a3 Qb6 23. R1d2 d5 24. Qxb6+ Kxb6 25. Rxd5 Rxd5 26. Rxd5 Rxd5 27. exd5 Ka5 28. b3 b5 29. Bc7#
1-0

[Event "Spring Scrapper"]
[Site "SchemingMind.com"]
[Date "2015.05.12"]
[Round "-"]
[White "Scooter"]
[Black "Stephen Woodhouse"]
[Result "0-1"]
[WhiteCountry "USA"]
[BlackCountry "ENG"]
[WhiteElo "1716"]
[WhiteRD "45"]
[BlackElo "1879"]
[BlackRD "50"]
[GameID "379743"]

1. d4 e6 2. Nf3 d5 3. Bf4 Bd6 4. Bxd6 Qxd6 5. c3 Nf6 6. e3 O-O 7. Nbd2 c5 8. Be2 Nc6 9. O-O Bd7 10. Qc2 Rac8
11. Rfd1 Rfd8 12. h3 cxd4 13. exd4 a6 14. Bd3 Na5 15. Ng5 h6 16. Ngf3 b5 17. Nb3 Nxb3 18. axb3 Nh5 19. Ne5 Nf4 20. Ra5 Nxd3
21. Nxd3 Qb6 22. Rda1 Qxd4 23. Rxa6 b4 24. c4 dxc4 25. Nxb4 cxb3 26. Qxb3 Rb8 27. Nc2 Qxf2+ 28. Kxf2 Rxb3 29. Rd6 Rxb2 30. Rc1 Kf8
31. Ke1 Ke7 32. Rd2 Rc8
0-1